000 00696nam a2200205 i 4500
001 45091
003 ES-MaACL
005 20230906161143.0
007 t|
008 030325s1979 sp ||||1| spa d
100 0 _aClavero, Bartolomé.
_939130
245 1 0 _aEstudios sobre la revolución burguesa en España /
_cpor Bartolomé Clavero, Pedro Ruiz Torres, Francisco J. Hernández Montalbán.
250 _a[1ª ed.].
260 _a[Madrid, etc.] :
_bSiglo Veintiuno,
_c[1979]
300 _a158 p. ;
_c21 cm.
700 1 _aRuiz Torres, Pedro.
_9100939
700 1 _aHernández Montalbán, Francisco J.
_962999
852 _aES-MaACL
_jA-10172
_bR.98863
852 _aES-MaACL
_jL-804
_bR.101634
999 _c45091
_d45091